| 000 | 01586nam a22004217a 4500 | ||
|---|---|---|---|
| 001 | 230 | ||
| 003 | FISKH | ||
| 005 | 20230629080700.0 | ||
| 008 | 230309b cb ||||| |||| 00| 0 eng d | ||
| 040 |
_aBTCTA _cBTCTA _dON8 _dJST _dMUS _dIUI _dDLC _dFISKH _beng |
||
| 042 | _alccopycat | ||
| 050 | 0 | 0 |
_aPZ7.T211115 _bIas 2010 |
| 082 | 0 | 4 |
_a741.5 _222 |
| 100 | 1 | _aTarshis, Lauren. | |
| 245 | 1 | 0 |
_aI survived the sinking of the Titanic, 1912 / _cby Lauren Tarshis ; illustrated by Scott Dawson. |
| 246 | 3 | 0 | _aSinking of the Titanic, 1912 |
| 260 |
_aNew York _bScholastic _c2010. |
||
| 300 |
_a96 p. : _bill. ; _c22 cm. |
||
| 490 | 1 |
_aI survived _vv. 1 |
|
| 504 | _aIncludes bibliographical references. | ||
| 505 | _aM | ||
| 520 | _aExcited to board the Titanic with his aunt and little sister, ten-year-old George begins to explore the ill-fated ship's first-class storage cabin when the ship is rocked by a collision with an iceberg and begins to sink. | ||
| 521 | 8 |
_a590
_bLexile |
|
| 521 | 8 |
_aK _bRaz-Plus |
|
| 610 | 2 | 0 |
_aTitanic (Steamship) _vJuvenile fiction. |
| 610 | 2 | 1 |
_aTitanic (Steamship) _vFiction. |
| 610 | 2 | 7 |
_aTitanic (Steamship) _vFiction. _2sears |
| 650 | 0 |
_aOcean travel _vJuvenile fiction. |
|
| 650 | 0 |
_aShipwrecks _vJuvenile fiction. |
|
| 650 | 1 |
_aOcean travel _vFiction. |
|
| 650 | 1 |
_aShipwrecks _vFiction. |
|
| 650 | 7 |
_aOcean travel _vFiction. _2sears |
|
| 650 | 7 |
_aShipwrecks _vFiction. _2sears |
|
| 700 | 1 |
_aDawson, Scott, _eill. |
|
| 800 | 1 |
_aTarshis, Lauren. _tI survived ; _vv. 1 |
|
| 906 |
_a7 _bcbc _ccopycat _d4 _encip _f20 _gy-gencatlg |
||
| 942 |
_2ddc _cBK _n0 |
||
| 999 |
_c230 _d230 |
||